000
00325nam a2200121Ia 4500
008
220204s9999 xx 000 0 und d
082
_a
549.3
_b
VAU
100
_a
Craig, James R
245
0
_a
Mineral chemistry of metal sulfides
260
_a
Cambridge
_b
Cambridge University
_c
1978
700
_a
Vaughan, David J
942
_c
BK
999
_c
29843
_d
29843